| 000 | 01323nam a2200325Ia 4500 | ||
|---|---|---|---|
| 005 | 20220316235230.0 | ||
| 008 | 121119s1999 mx a 000 0 spa | ||
| 020 | _a9681642023 | ||
| 041 | 1 | _aspa | |
| 100 | 1 | _aAlexander, Martha, | |
| 245 | 1 | 0 |
_aBuenas noches, Lola _cMartha Alexander ; traducción de Francisco Segovia |
| 250 | _aPrimera edición | ||
| 264 | 1 |
_aMéxico _bFondo de Cultura Económica _c1999 |
|
| 300 |
_a14 páginas _bilustraciones |
||
| 336 |
_atexto _btxt _2rdacontent |
||
| 337 |
_asin mediación _bn _2rdamedia |
||
| 338 |
_avolumen _bnc _2rdacarrier |
||
| 490 | 0 | _aLos especiales de a la orilla del viento | |
| 520 | 3 | _aLola y su muñeca le leen un cuento de dulces suenos a Lalo y a su osito. Cuando los dos niños se duermen, muñeca y osito terminan la historia por su cuenta. B Muñeca y osito quieren saber como termina la historia Un cuento para dormir y soñar | |
| 650 | 1 | 4 |
_2LEMB _aHora de dormir _vCuentos |
| 650 | 1 | 4 |
_2LEMB _aSueño _vCuentos |
| 650 | 1 | 4 |
_2LEMB _aBebes _vCuentos |
| 650 | 1 | 4 |
_2LEMB _aLiteratura infantil estadounidense |
| 650 | 1 | 4 |
_aLibros ilustrados para niños _2LEMB |
| 650 | 1 | 4 |
_aCuentos infantiles estadounidenses _2LEMB |
| 700 | 1 |
_aSegovia, Francisco _etraductor _9116672 |
|
| 942 |
_2loc _cBKLIT |
||
| 040 |
_aCO-BoRNBP _bspa _erda _cCO-BoRNBP |
||
| 084 | _aA ALE2 | ||
| 999 |
_c309 _d309 |
||